China (Record no. 114168)
[ view plain ]
| 000 -LEADER | |
|---|---|
| fixed length control field | 01219cad a22002175a 4500 |
| 001 - CONTROL NUMBER | |
| control field | L156302 |
| 008 - FIXED-LENGTH DATA ELEMENTS--GENERAL INFORMATION | |
| fixed length control field | 120511s2012 xxkqr p 0 a0eng u |
| 035 ## - SYSTEM CONTROL NUMBER | |
| System control number | (Sirsi) u156302 |
| 041 1# - LANGUAGE CODE | |
| Language code of text/sound track or separate title | eng |
| 041 1# - LANGUAGE CODE | |
| Language code of text/sound track or separate title | chi |
| 110 2# - MAIN ENTRY--CORPORATE NAME | |
| Corporate name or jurisdiction name as entry element | Orrick, Herrington & Sutcliffe |
| 245 00 - TITLE STATEMENT | |
| Title | China |
| Remainder of title | Implementing Regulations for the PRC bid invitation and submission law |
| Medium | [electronic resource] |
| 260 ## - PUBLICATION, DISTRIBUTION, ETC. | |
| Place of publication, distribution, etc. | Shanghai |
| Name of publisher, distributor, etc. | Orrick, Herrington & Sutcliffe |
| Date of publication, distribution, etc. | 2012 |
| 520 ## - SUMMARY, ETC. | |
| Summary, etc. | On December 20 2011, the State Council issued the Implementing Regulations for the Law of the People's Republic of China on Bid Invitation and Submission, which became effective on February 1, 2012. Under the implementing regulations, government officials are expressly prohibited from using any means to illegally interfere in the tender process for construction projects. |
| 590 ## - LOCAL NOTE (RLIN) | |
| Local note | KA |
| 651 #4 - SUBJECT ADDED ENTRY--GEOGRAPHIC NAME | |
| Geographic name | China |
| 690 ## - LOCAL SUBJECT ADDED ENTRY--TOPICAL TERM (OCLC, RLIN) | |
| Topical term or geographic name as entry element | Procurement-old |
| 690 ## - LOCAL SUBJECT ADDED ENTRY--TOPICAL TERM (OCLC, RLIN) | |
| Topical term or geographic name as entry element | Contracts |
| 9 (RLIN) | 6232 |
| 856 40 - ELECTRONIC LOCATION AND ACCESS | |
| Uniform Resource Identifier | <a href="https://www.mondaq.com/x/173692/Government+Contracts+Procurement+PPP/Implementing+Regulations+For+The+PRC+Bid+Invitation+And+Submission+Law">https://www.mondaq.com/x/173692/Government+Contracts+Procurement+PPP/Implementing+Regulations+For+The+PRC+Bid+Invitation+And+Submission+Law</a> |
| Public note | View the article which is in Chinese and English free of charge by registering for Mondaq News Alerts at www.mondaq.com |
| 942 ## - ADDED ENTRY ELEMENTS (KOHA) | |
| Suppress in OPAC | 0 |
| Withdrawn status | Lost status | Source of classification or shelving scheme | Damaged status | Not for loan | Home library | Current library | Shelving location | Date acquired | Total Checkouts | Full call number | Barcode | Date last seen | Copy number | Price effective from | Koha item type |
|---|---|---|---|---|---|---|---|---|---|---|---|---|---|---|---|
| Dewey Decimal Classification | Virtual | Virtual | Online | 11/05/2012 | ONLINE PUBLICATION | 156302-2001 | 06/08/2019 | 1 | 06/08/2019 | Book |